000 00561pam a2200217 a 4500
001 3333864
005 20180314093846.0
008 851120s1986 dcua bc 001 0 eng
010 _a 85029696
020 _a0894680870 (pbk.)
040 _aDLC
_cDLC
_dDLC
041 _aeng
080 _a759.13 COO
082 0 0 _a759.13 COO
_219
100 1 _a44
101 _aART
245 1 0 _aWinslow Homer watercolors /
_cHelen A. Cooper.
504 _aIncludes bibliographies and index.
906 _a7
_bcbc
_corignew
_d1
_eocip
_f19
_gy-gencatlg
942 _2ddc
_cBK
999 _c45044
_d45044